Vector mechanics for engineers statics. (Record no. 553994)

000 -LEADER
fixed length control field 00820cam a2200241 a 4500
020 ## - INTERNATIONAL STANDARD BOOK NUMBER
International Standard Book Number 0070053677
082 00 - DEWEY DECIMAL CLASSIFICATION NUMBER
Classification number 620.103
Author Mark BEE
-- L-39, P-110
100 ## - MAIN ENTRY--PERSONAL NAME
Personal name Beer,Ferdinand
9 (RLIN) 37594
245 00 - TITLE STATEMENT
Title Vector mechanics for engineers statics.
Statement of responsibility, etc. Ferdinand Beer ... [et al.].
250 ## - EDITION STATEMENT
Edition statement 7th ed.
260 ## - PUBLICATION, DISTRIBUTION, ETC.
Place of publication, distribution, etc. New York, London
Name of publisher, distributor, etc. McGraw-Hill Companies,
Date of publication, distribution, etc. 2005.
300 ## - PHYSICAL DESCRIPTION
Extent xviii, 599 p. :
Other physical details col. ill. ;
Dimensions 27 cm.
500 ## - GENERAL NOTE
General note Includes index. Vector mechanics for engineers static used as Text Book
526 ## - STUDY PROGRAM INFORMATION NOTE
Program name 0
Interest level 0
Reading level 0
Title point value 620_103000000000000_BEE
526 ## - STUDY PROGRAM INFORMATION NOTE
Program name 0
Interest level 0
Reading level 0
Title point value 620_103000000000000_BEE
650 #0 - SUBJECT ADDED ENTRY--TOPICAL TERM
Topical term or geographic name entry element Dynamics.
9 (RLIN) 7202
650 #0 - SUBJECT ADDED ENTRY--TOPICAL TERM
Topical term or geographic name entry element MCE
9 (RLIN) 379
650 #0 - SUBJECT ADDED ENTRY--TOPICAL TERM
Topical term or geographic name entry element Mechanics, Applied.
9 (RLIN) 13090
650 #0 - SUBJECT ADDED ENTRY--TOPICAL TERM
Topical term or geographic name entry element Statics.
9 (RLIN) 1020
650 #0 - SUBJECT ADDED ENTRY--TOPICAL TERM
Topical term or geographic name entry element Vector analysis.
9 (RLIN) 1184
700 1# - ADDED ENTRY--PERSONAL NAME
Personal name Beer, Ferdinand Pierre,
9 (RLIN) 37595
942 ## - ADDED ENTRY ELEMENTS (KOHA)
Source of classification or shelving scheme
Koha item type Book Bank
Holdings
Withdrawn status Lost status Source of classification or shelving scheme Damaged status Not for loan Permanent Location Current Location Date acquired Total Checkouts Full call number Barcode Date last seen Date last checked out Price effective from Koha item type
          Military College of Engineering (MCE) Military College of Engineering (MCE) 11/06/2017 1 620.103 BEE MCE-36256 02/23/2018 11/06/2017 11/06/2017 Book Bank
          Military College of Engineering (MCE) Military College of Engineering (MCE) 11/07/2017 1 620.103 BEE MCE-36230 02/21/2018 11/07/2017 11/07/2017 Book Bank
© 2023 Central Library, National University of Sciences and Technology. All Rights Reserved.